Transformační recese - všeobecný fenomén zkoumaný na vývoji maďarské ekonomiky. 2
Druhá časť článku z č.11/1993 o transformácii maďarskej ekonomiky. Štyri komponenty makrodopytu. Dôležitá úloha dopytu pri determinovaní produktu. Niektoré mikroekonomické a inštitucionálne pohľady. Investície - najvýznamnejšia kategória z hľadiska strednodobého a dlhodobého rastu. Objem súkromnej s...
Saved in:
| Main Author: | |
|---|---|
| Format: | Book Chapter |
| Language: | Czech |
| Subjects: | |
| Tags: |
No Tags, Be the first to tag this record!
|
MARC
| LEADER | 00000naa a2200000 4500 | ||
|---|---|---|---|
| 001 | r000921 | ||
| 005 | 20221205080150.5 | ||
| 041 | 0 | |a cze | |
| 044 | |a CZ | ||
| 245 | 1 | 0 | |a Transformační recese - všeobecný fenomén zkoumaný na vývoji maďarské ekonomiky. 2 |c J. Kornai |
| 520 | |a Druhá časť článku z č.11/1993 o transformácii maďarskej ekonomiky. Štyri komponenty makrodopytu. Dôležitá úloha dopytu pri determinovaní produktu. Niektoré mikroekonomické a inštitucionálne pohľady. Investície - najvýznamnejšia kategória z hľadiska strednodobého a dlhodobého rastu. Objem súkromnej spotreby. Vládna spotreba. Zahraničný obchod, vývoz a dovoz. | ||
| 610 | 2 | 0 | |a transformácia |
| 610 | 2 | 0 | |a reformy hospodárske |
| 610 | 2 | 0 | |a recesia |
| 610 | 2 | 0 | |a Maďarsko |
| 610 | 2 | 0 | |a investície |
| 610 | 2 | 0 | |a spotreba |
| 610 | 2 | 0 | |a obchod zahraničný |
| 610 | 2 | 0 | |a dopyt |
| 610 | 2 | 0 | |a produkt domáci hrubý |
| 100 | 1 | |a Kornai, János | |